00649nam a2200181Ia 4500008004100000020001800041041000800059082001700067100002100084245004000105260002000145300000800165365001600173700003300189906005400222999001900276952017200295230718s9999 xx 000 0 und d a9781591844037 aeng a658.1'1bBLA aBlair R.9192713 aNothing To Lose, Everything To Gain c2011bPortfolio a222 cRs.b699.00 aBlair R. & Yaeger D.9192714 dO:0221303-Nov-2011B:965813-Oct-2011cMGMTb174.75 c329027d329027 00104070aCCEPbCCEPd2011-11-03eTechnical Book ServicesfMGMTg524.25i9658l0o658.1'1pCCEP-BK-40234r2023-07-18 00:00:00t174.75v699.00w2011-10-13yBKz040234